World famous folk tales
| Format: | Book |
|---|---|
| Published: |
Kuala Lumpur :
System Publishing Sdn Bhd ,
1992
|
| Subjects: |
MARC
| LEADER | 00000cam a2200000 7i4500 | ||
|---|---|---|---|
| 001 | 0000008623 | ||
| 002 | 000009399 | ||
| 005 | 20070108.0 | ||
| 020 | |a 9839024108 | ||
| 090 | 0 | 0 | |a JF |b WOR |
| 245 | 0 | 0 | |a World famous folk tales |
| 260 | |a Kuala Lumpur : |b System Publishing Sdn Bhd , |c 1992 | ||
| 300 | |a 48 p. : |b ill ; |c 18 cm. | ||
| 650 | 0 | 0 | |a Children's stories |
| 999 | |a 048411 |b BUKU |c PINJAMAN |e PERPUSTAKAAN KOMUNITI PETALING JAYA | ||